|
|
|
|
| LEADER |
00000nam a2200000 a 4500 |
| 001 |
vtls010279972 |
| 003 |
SK-MaSNL |
| 005 |
20260301031757.0 |
| 008 |
240318s1963 xo f 000 0 slo |
| 020 |
|
|
|q (brož.)
|
| 040 |
|
|
|a SNK
|b slo
|c SNK
|e AACR2
|
| 041 |
0 |
|
|a slo
|
| 044 |
|
|
|a xo
|c SK
|
| 072 |
|
7 |
|a 811.162.4
|x Slovenčina
|2 konspekt
|
| 080 |
|
|
|a 811.162.4
|2 2001
|
| 080 |
|
|
|a 81`36
|2 2001
|
| 080 |
|
|
|a 81`367.333
|2 2001
|
| 080 |
|
|
|a (0.036.6)
|2 2001
|
| 100 |
1 |
|
|a Chovan-Rehák, Juraj,
|d 1931-2021
|4 aut
|9 214722
|
| 245 |
1 |
0 |
|a Na okraj otázky doplnku
|c Juraj Chovan
|
| 250 |
|
|
|a [1. vyd.]
|
| 260 |
|
|
|a Bratislava
|b Vydavateľstvo Slovenskej akadémie vied
|c [1963]
|
| 300 |
|
|
|a S. 286-292
|c 24 cm
|
| 500 |
|
|
|a Separát z: Slovenská reč - časopis pre výskum a kultúru slovenského jazyka
|
| 650 |
0 |
7 |
|a slovenčina
|2 SNKPH
|9 1350
|
| 650 |
0 |
7 |
|a gramatika
|2 SNKPH
|9 865
|
| 650 |
0 |
7 |
|a doplnok (lingvistika)
|2 SNKPH
|9 106603
|
| 655 |
|
7 |
|a separáty
|2 SNKPH
|9 70334
|
| 958 |
|
|
|a OND
|
| 999 |
|
|
|c 577295
|d 579225
|
| 952 |
|
|
|a SNK
|b SNK
|y PREZ
|7 0
|p 17A0703365
|o snkSC 145521
|i snk2011/11620
|8 1
|0 0
|1 0
|4 0
|d 2011-05-20
|l 0
|r 2025-07-15 00:00:00
|w 2026-02-23
|